Bungalows and country residences

Saved in:
Bibliografiske detaljer
Hovedforfatter: Briggs, R. A (Author)
Format: Bog
Sprog:engelsk
Udgivet: Londres B. T. Batsford 1901
Fag:
Tags: Tilføj Tag
Ingen Tags, Vær først til at tagge denne postø!

MARC

LEADER 00000nam a2200000 a 4500
001 UCU9522
003 CL-VaPUC
008 960823e19010000UK |||||||||||||||||eng|d
082 0 4 |a 728.8  |b BRI  |2 21 
100 0 |a Briggs, R. A  |e author  |9 368723 
245 1 0 |a Bungalows and country residences 
300 |a pag. irreg 
942 |c BK 
945 |d 19960823 00:00:00  |a rleighto 
260 |a Londres  |b B. T. Batsford  |c 1901 
650 0 |a Casas   |9 348018 
650 0 |a Viviendas   |9 255326 
650 7 |a CONSTRUCCIONES  |2 CL-VaPUC  |9 262690 
650 0 |a Arquitectura  |9 804558 
650 0 |a Diseño arquitectónico   |9 265271 
583 |a last modification  |c 19960823 00:00:00  |k Rodrigo Vera 
999 |c 251248  |d 251246 
952 |0 0  |1 0  |4 0  |6 728_800000000000000_BRI_1901  |7 0  |8 P  |9 270280  |a BIBARQ  |b BIBARQ  |d 2019-11-19  |i 3223523  |o 728.8 BRI 1901  |p 3223523  |r 2025-01-20  |w 2019-11-19  |y BK  |k ARQ